000 01139nam a22001817a 4500
003 JO-AjAnu
005 20240708085514.0
008 240706b jo ||||| |||| 00| 0 ara d
040 _cJO-AjAnu
100 1 _aنجار، خلود محمود سليمان
_966010
_eمعد
245 0 _aاثر تطبيق وزارة التنمية الاجتماعية لمبادئ الحاكمية المؤسسية على تعزيز الإنتاجية في الجمعيات الخيرية الأردنية = The impact of Applying the principles of institutional Governance by the Ministry of Social Development on Enhancing productivity in jordanian charities /
_cاعداد خلود محمود سليمان النجار ؛ إشراف علي عبدالله الزعبي
260 _c2024
300 _a92 ورقة
500 _a رسالة جامعية (ماجستير) .- جامعة عجلون الوطنية (عجلون، الأردن)، كلية الأعمال ، تخصص المحاسبة 2024
650 0 _aحوكمة - رقابة ادارية
_966013
700 1 _aالزعبي، علي عبدالله
_965219
_eمشرف
942 _2lcc
_cTHS
_n0
999 _c33561
_d33561